Statistiques concernant Les 50... Femmes Humoristes

Cliquez ici pour prendre le quiz!

Statistiques générales

  • Ce quiz a été pris 99 fois
  • Le résultat moyen est 17 sur 50

Statistiques - réponses

Réponse% Correct
Florence Foresti
95%
Blanche Gardin
84%
Anne Roumanoff
82%
Muriel Robin
82%
Claudia Tagbo
76%
Ines Reg
74%
Camille Lellouche
73%
Marina Fois
70%
Berangere Krief
65%
Chantal Ladesou
65%
Laura Felpin
65%
Chantal Lauby
59%
Alison Wheeler
54%
Michèle Bernier
54%
Elodie Poux
51%
Laura Laune
42%
Virginie Hocq
41%
Nicole Ferroni
38%
Nawell Madani
37%
Doully
32%
Noelle Perna
29%
Shirley Souagnon
29%
Caroline Vigneaux
27%
Nora Hamzawi
27%
Sylvie Joly
26%
Virginie Lemoine
25%
Ariane Brodier
24%
Armelle
24%
Constance
24%
Laurie Peret
21%
Marina Rollman
20%
Julie Ferrier
16%
Giedré
15%
Nadia Roz
15%
Sophia Aram
15%
Anne-Sophie Girard
14%
Elise Larnicol
13%
Amelle Chahbi
12%
Sandrine Alexi
11%
Elodie Arnould
10%
Charlotte Gabris
8%
Elisabeth Buffet
8%
Sandrine Sarroche
5%
Sophie Forte
5%
Candiie
3%
Sandra Colombo
2%
Julie Villers
0%
Katia Doris
0%
Kee-Yoon Kim
0%
Marie Desroles
0%

Distribution des résultats

Percentile par nombre de réponses

% des personnes avec chaque résultat

Votre développement - résultats

Vous n’avez pas pris ce quiz